000 01159nam0a22002531 4500
001 rc\2814155
005 20250806210948.0
035 _a(NLR Aleph) 006939945
090 _a38065
_c38065
100 _a20110915d1945 u y0rusy50 ca
101 0 _arus
102 _aRU
105 _aa z |||||
200 1 _aТехнические условия на восстановление барабанов паровых котлов помощью сварки
_e[Утв. Глав. гос. инспекцией котлонадзора НКЭС 27/IV 1944 г. и Техн. отд. НКЭС]
_f[Разработ. Гос. союзным трестом "Центроэнергомонтаж"]
210 _aМосква
_cПищепромиздат
_d1945
_gтип. НКВ
215 _a16 с., без тит. л.
_cчерт.
_d18 см.
710 0 1 _aСССР
_bНародный ком. электростанций
_bТехнический отдел
801 0 _aRU
_bNLR
_gpsbo
801 1 _aRU
_bELAR
_2rusmarc
852 _aNLR
_jТ14 Г-4/338
942 _cBOOK
945 _aРоссийская национальная библиотека
980 _aNB
980 _aBV